000 005800000a22001810004500
003 MACL
005 20160227171745.0
008 160227b xxu||||| |||| 00| 0 eng d
040 _aMACL
_cMACL
041 _aHindi
082 _a800
100 _aओमप्रकाश शर्मा
_941104
245 _aजैनेन्‍द्र के उपन्‍यासों का शिल्‍प
260 _bपांडुलिपि प्रकाशन
_c1975
_aदिल्‍ली
350 _a25
650 _aLiteracture
_939932
942 _cHIN
_k800
_2ddc
999 _c26436
_d26436